| 000 | 00345 a2200133 4500 | ||
|---|---|---|---|
| 001 | 57660 | ||
| 082 | _a80275 | ||
| 090 |
_c35341 _d35341 |
||
| 100 | _a Rudy Kouhoupt | ||
| 245 | _aAdvanced aspect of milling machine operation(with 4 pages pamphlet) [DVD video] | ||
| 260 |
_bNew Life Video Productions _c2000 |
||
| 500 | _aCD/DVD | ||
| 505 | _aIE | ||
| 942 |
_aNUST-CAE _k80275 |
||
| 999 |
_c292733 _d292733 |
||